[Event "Autumn Cup A Grade"]
[Site "Wellington Chess Club"]
[Date "2019.06.06"]
[Round "4"]
[White "Croad, Nicolas"]
[Black "Cilia Vincenti, David"]
[Result "1/2-1/2"]
[WhiteElo "2453"]
[BlackElo "2208"]

1. d4 f5 2. c4 e6 3. Nf3 Nf6 4. g3 d5 5. Bg2 Bd6 6. Nc3 c6 7. O-O O-O 8. Qc2
Qe7 9. Rb1 Nbd7 10. cxd5 exd5 11. Bf4 Ne4 12. e3 Ndf6 13. Bxd6 Nxd6 14. Ne5 Ng4
15. Nd3 Bd7 16. b4 Rae8 17. Rfe1 Qg5 18. b5 Ne4 19. bxc6 Bxc6 20. h3 Ngf6 21.
Ne5 Rc8 22. Qb2 Nxc3 23. Qxc3 Ne4 24. Qa3 h5 25. h4 Qf6 26. Nxc6 Rxc6 27. Rxb7
Rc2 28. Qb3 Rxf2 29. Qxd5+ Kh8 30. Rc1 Qg6 31. Qe5 Qg4 32. Rb8 Rxg2+ 33. Kxg2
Qe2+ 34. Kh1 Nf2+ 1/2-1/2

[Event "Autumn Cup A Grade"]
[Site "Wellington Chess Club"]
[Date "2019.06.06"]
[Round "4"]
[White "Ker, Anthony"]
[Black "Nijman, Brian"]
[Result "1-0"]
[WhiteElo "2472"]
[BlackElo "2136"]

1. e4 c5 2. Nc3 Nc6 3. f4 Qc7 4. Nf3 e6 5. Bb5 Nge7 6. d3 Nd4 7. O-O a6 8. Ba4
b5 9. Bb3 Nxb3 10. axb3 Bb7 11. Qe1 Nc6 12. f5 Be7 13. e5 Nd4 14. Nxd4 cxd4 15.
Ne4 Qxe5 16. fxe6 dxe6 17. Bf4 Qd5 18. Qg3 O-O-O 19. c4 dxc3 20. Rac1 Bf6 21.
Nxf6 gxf6 22. Rxc3+ Kd7 23. Rc7+ Ke8 24. Qg7 Rf8 25. Bh6 Qxg2+ 26. Qxg2 Bxg2
27. Kxg2 Rg8+ 28. Kf2 Rg6 29. Be3 Rxd3 30. Rc3 Rd5 31. Ra1 Rf5+ 32. Ke1 Kf8 33.
Rxa6 Kg7 34. Bf2 Re5+ 35. Kf1 Rd5 36. Ke2 Rg2 37. Rg3+ Rxg3 38. hxg3 f5 39. Rb6
h5 40. b4 Kg6 41. Bc5 Kg5 42. Kf3 e5 43. Be7+ 1-0

[Event "Autumn Cup A Grade"]
[Site "Wellington Chess Club"]
[Date "2019.06.06"]
[Round "4"]
[White "Wastney, Scott"]
[Black "Dive, Russell"]
[Result "0-1"]
[WhiteElo "2396"]
[BlackElo "2431"]

1. e4 c6 2. Nc3 d5 3. Nf3 d4 4. Ne2 c5 5. c3 dxc3 6. bxc3 Qa5 7. Ng3 Nc6 8. Qb3
a6 9. a4 Nf6 10. Bc4 e6 11. O-O Qc7 12. Qb1 Na5 13. Ba2 c4 14. d3 cxd3 15. Qxd3
Nc6 16. Re1 Bc5 17. Be3 Bxe3 18. Qxe3 O-O 19. e5 Nd5 20. Qg5 Qe7 21. Qg4 f5 22.
exf6 Qxf6 23. Ne4 Qf4 24. Qh3 h6 25. Rad1 Kh8 26. Qh5 Nf6 27. Qc5 Nxe4 28. Rxe4
Qf5 29. Ne5 Nxe5 30. Rxe5 Qf7 31. f3 Bd7 32. Qd4 Rad8 33. Bb1 Qf6 34. Qe4 Kg8
35. Re1 Bc8 36. Qh7+ Kf7 37. Rf5 Qxf5 38. Bxf5 exf5 39. Re7+ Kxe7 40. Qxg7+ Kd6
41. Qxh6+ Be6 42. Qf4+ Kd7 43. h4 Rh8 44. c4 Kc8 45. c5 Bd7 46. c6 Bxc6 47.
Qxf5+ Kb8 48. h5 Ka8 {White lost on time} 0-1

[Event "Autumn Cup A Grade"]
[Site "Wellington Chess Club"]
[Date "2019.06.13"]
[Round "5"]
[White "Cilia Vincenti, David"]
[Black "Ker, Anthony"]
[Result "0-1"]
[WhiteElo "2208"]
[BlackElo "2472"]

1. d4 Nf6 2. c4 e6 3. Nc3 Bb4 4. Qc2 Nc6 5. Nf3 d6 6. Bd2 O-O 7. a3 Bxc3 8.
Bxc3 Qe7 9. e3 e5 10. d5 Nb8 11. Nd2 c6 12. dxc6 bxc6 13. Be2 Re8 14. O-O Nbd7
15. Ne4 Bb7 16. Rfd1 d5 17. cxd5 Nxe4 18. Qxe4 cxd5 19. Qg4 Nf6 20. Qf5 g6 21.
Qh3 Ne4 22. Bb4 Qf6 23. f3 Bc8 24. Qh6 Nd6 25. e4 d4 26. Rac1 a5 27. Be1 Bd7
28. Rc7 Bb5 29. Bh4 Qe6 30. Bxb5 Nxb5 31. Rc5 Nd6 32. Rdc1 Rac8 33. Rc7 Rxc7
34. Rxc7 Rc8 35. Re7 Qb3 36. Bf6 Qd1+ 37. Kf2 Nxe4+ 38. fxe4 Rc2+ 39. Kg3 Qd3+
40. Kh4 Qxe4+ 41. g4 Rxh2+ 0-1

[Event "Autumn Cup A Grade"]
[Site "Wellington Chess Club"]
[Date "2019.06.13"]
[Round "5"]
[White "Dive, Russell"]
[Black "Croad, Nicolas"]
[Result "0-1"]
[WhiteElo "2431"]
[BlackElo "2453"]

1. d4 Nf6 2. c4 e6 3. Nc3 Bb4 4. e3 O-O 5. Bd3 d5 6. Ne2 b6 7. O-O Bb7 8. a3
Bd6 9. Qc2 a6 10. Rd1 dxc4 11. Bxc4 Bxh2+ $1 {A bolt from the blue. Not
winning, but unpleasant to play against} 12. Kxh2 Ng4+ 13. Kg3 ( {It's going to
get a bit draughty around the king now} 13. Kg1 Qh4 14. Nf4 Qh2+ 15. Kf1 g5 16.
Bd5 $1 {(computer move) is playable, roughly equal} ) 13... Qg5 14. e4 Ne3+ $1
15. Kf3 f5 $1 {Sacrificing more material to open the f file} 16. Bxe6+ Kh8 17.
d5 $2 ( {A long semi-forced line goes } 17. Ng3 Nc6 18. d5 fxe4+ 19. Ke2 Nd4+
20. Rxd4 Nxc2 21. Bxg5 Nxd4+ 22. Kf1 e3 23. Bxe3 Nc2 24. Re1 Nxe1 25. Kxe1
{which is level} ) 17... fxe4+ {White is going to have to play without his
queen now} 18. Kxe4 Qg6+ 19. Kxe3 Qxc2 20. g4 Nc6 ( {Better is} 20... Bc8) 21.
f4 Rae8 22. Kf2 Ne5 23. Kg3 Qg6 24. fxe5 Rxe6 $1 25. dxe6 {And now the exposed
nature of white's king is fatal} 25... Rf3+ 26. Kh2 h5 27. Rd4 Qxe6 28. Bg5
Qxe5+ 29. Bf4 Qe7 30. g5 Rf2+ 31. Kg1 Rxe2 32. Nxe2 Qxe2 33. Rd2 Qg4+ 0-1

[Event "Autumn Cup A Grade"]
[Site "Wellington Chess Club"]
[Date "2019.06.13"]
[Round "5"]
[White "Nijman, Brian"]
[Black "Wastney, Scott"]
[Result "0-1"]
[WhiteElo "2136"]
[BlackElo "2396"]

1. e4 e5 2. Nf3 Nc6 3. Nc3 Nf6 4. d4 Bb4 5. Nxe5 O-O 6. Qd3 d5 7. Nxc6 bxc6 8.
Bg5 dxe4 9. Qc4 Rb8 10. O-O-O Be6 11. Qxc6 Rb6 12. Qa4 Bxc3 13. bxc3 Qd5 14.
Be3 Rfb8 15. Be2 Bg4 16. Bc4 Qh5 17. Rde1 a5 18. Kd2 Bd7 19. Qa3 Bb5 20. Be2
Bxe2 21. Rxe2 Rb2 22. Ree1 Qb5 23. Qe7 Qd3+ 24. Kc1 Rb1# 0-1

[Event "Autumn Cup A Grade"]
[Site "Wellington Chess Club"]
[Date "2019.06.20"]
[Round "1"]
[White "Croad, Nicolas"]
[Black "Nijman, Brian"]
[Result "1/2-1/2"]
[WhiteElo "2453"]
[BlackElo "2136"]

1. d4 d5 2. c4 dxc4 3. Nf3 a6 4. e3 e6 5. Bxc4 c5 6. O-O Nf6 7. Bb3 Nbd7 $6 8.
e4 $5 cxd4 9. e5 Ng8 $6 (9... Ng4 10. Re1 Nc5 11. h3 Nh6 12. Bxh6 gxh6 13. Nbd2
$14) 10. Qxd4 $16 Ne7 11. Nc3 Nf5 $6 (11... Ng6 12. Bg5 Bc5 13. Bxd8 Bxd4 14.
Nxd4 Kxd8 15. f4) 12. Qf4 Be7 13. g4 g5 $5 14. Qd2 $6 (14. Nxg5 $1 Bxg5 15.
Qxg5 Qxg5 16. Bxg5 h6 (16... Nxe5 $4 17. gxf5 $1 (17. Bf6 {is good too} ) 17...
Nf3+ 18. Kh1 Nxg5 19. f4) 17. Bf4 Nd4 18. Bd1 Nc6 19. Re1 Nc5 20. Be2) 14...
Ng7 (14... Nh4 15. Nxh4 gxh4 16. Rd1 Qc7 17. Qe2 Nc5 {Black is hurting, but
afloat for the time being} ) 15. Ne4 h6 16. Nd6+ Kf8 $6 (16... Bxd6) 17. Rd1
Bxd6 18. exd6 $6 (18. Qxd6+ Qe7 19. Qxe7+ Kxe7 20. Bd2 a5 21. Rac1 Ne8 22. Kg2
$18) 18... b6 {Black is down to about 5 minutes, while White has about an hour
on his clock} 19. Qe2 Qf6 20. Be3 $4 {now the position is unclear} 20... Bb7
21. Nd2 $6 (21. Nd4 {counters Black's tactics because it defends the queen} )
21... h5 22. f3 hxg4 23. fxg4 Qe5 24. Qf2 $4 (24. Rac1) 24... Rh4 25. Qg3 Rxg4
(25... Qxg3+ {is more pragmatic but not as strong} 26. hxg3 Rxg4 27. Nf1 Nf5
28. Kf2 (28. Bf2 Ne5) 28... Nxe3 29. Nxe3 Rb4 $17) 26. Qxg4 Qxe3+ 27. Kf1 Nf5
$19 28. Nc4 Qc5 $4 (28... b5 $1 29. Qxf5 bxc4 30. Qh7 Qf4+ 31. Kg1 Nf6 32. Qh8+
Ng8 33. Ba4 Qf3 34. Rd2 Qh1+ 35. Kf2 Qxa1 $19) 29. Qh5 $10 Nf6 30. Qh8+ Ng8 31.
Rac1 f6 $4 (31... Qc6 32. Ne5 Qg2+ 33. Ke1 Qe4+ 34. Kf2 Qg2+ $10) 32. d7 Rd8
33. Nd6 $4 (33. Qh3 $19) 33... Qe5 $4 (33... Ne3+ $1 34. Ke2 Qe5 $3 {the only
move that doen't lose, and in fact wins} 35. Rd3 Ng2+ 36. Kd2 Rxd7 $1) 34. Nxb7
Qf4+ 35. Ke1 Qe3+ 36. Kf1 Qf3+ 37. Ke1 Qe3+ (37... Qxb7 $4 38. Rc8 Qe4+ (38...
Rxc8 39. d8=Q+ $1 Rxd8 40. Rxd8+ Ke7 41. Qh7+) 39. Kd2 Qf4+ 40. Kc2) 38. Kf1
$10 1/2-1/2

[Event "Autumn Cup A Grade"]
[Site "Wellington Chess Club"]
[Date "2019.06.20"]
[Round "1"]
[White "Wastney, Scott"]
[Black "Ker, Anthony"]
[Result "1-0"]
[WhiteElo "2396"]
[BlackElo "2472"]

1. e4 c5 2. Nf3 Nc6 3. Bb5 g6 4. Bxc6 dxc6 5. d3 Bg7 6. h3 Nf6 7. Nc3 O-O 8.
Be3 Qa5 9. O-O Rd8 10. Nd2 b6 11. f4 Nd7 12. g4 Nf8 13. f5 Bd4 14. Qf3 g5 15.
h4 gxh4 16. Kg2 b5 17. Nb3 Qb6 18. Nxd4 cxd4 19. Bf2 Bb7 20. Ne2 c5 21. Bxh4
Rd7 22. Qf4 Qd6 23. Qg5+ Kh8 24. Qh5 Qe5 25. Ng3 Kg8 26. Qg5+ Qg7 27. Qxg7+
Kxg7 28. Bxe7 Kg8 29. Bxc5 Rc7 30. Bxd4 Rxc2+ 31. Rf2 Rxf2+ 32. Kxf2 Rc8 33.
Re1 Nd7 34. Ne2 f6 35. Rc1 Rxc1 36. Nxc1 a6 37. Ke3 Kf7 38. Kf4 h6 39. Ne2 Ke7
40. Ng3 a5 41. Nh5 Kf7 42. Ke3 b4 43. Nf4 Ke7 44. Ne6 Bc6 45. Bc5+ Nxc5 46.
Nxc5 Kd6 47. d4 Bb5 48. Nb7+ Kc6 49. Nxa5+ Kb6 50. Nb3 Bc4 51. e5 fxe5 52. dxe5
Kc7 53. Nc1 Kc6 54. Kd4 Bf1 55. Nd3 Be2 56. Nxb4+ Kb5 57. f6 Bc4 58. Nd5 1-0

[Event "Autumn Cup B Grade"]
[Site "Wellington Chess Club"]
[Date "2019.05.16"]
[Round "1"]
[White "Pomeroy, Arthur"]
[Black "Benitez, Edgar"]
[Result "1/2-1/2"]
[WhiteElo "2083"]
[BlackElo "2038"]

1. e4 e5 2. Nf3 Nc6 3. Bb5 f5 4. d3 d6 5. O-O Nf6 6. Nc3 Be7 7. Bg5 O-O 8. Bxf6
Bxf6 9. Bxc6 bxc6 10. d4 fxe4 11. Nxe4 Bg4 12. h3 Bh5 13. Ng3 Bxf3 14. Qxf3 d5
15. dxe5 Bxe5 16. Qa3 Qf6 17. c3 Qg6 18. Qc5 h5 19. Rae1 Rae8 20. Ne2 Bd6 21.
Qxa7 Ra8 22. Qe3 Rxa2 23. b4 Re8 24. Qf3 Rf8 25. Qe3 Re8 26. Qf3 Rf8 27. Qe3
1/2-1/2

[Event "Autumn Cup B Grade"]
[Site "Wellington Chess Club"]
[Date "2019.05.16"]
[Round "1"]
[White "Tanoi, Edward"]
[Black "Nyberg, Michael"]
[Result "1/2-1/2"]
[WhiteElo "2048"]
[BlackElo "2091"]

1. d4 Nf6 2. c4 g6 3. Nc3 d5 4. cxd5 Nxd5 5. e4 Nxc3 6. bxc3 Bg7 7. Nf3 c5 8.
Bc4 Qa5 9. Bd2 O-O 10. O-O Bg4 11. Rb1 Bxf3 12. gxf3 Qc7 13. d5 a6 14. a4 Nd7
15. f4 Rab8 16. Re1 Kh8 17. Bf1 c4 18. Qf3 b5 19. axb5 axb5 20. e5 f5 21. Be3
Nc5 22. Bxc5 Qxc5 23. Rb4 Rfd8 24. Bg2 Qa7 25. Reb1 Qa5 26. Qe3 Bh6 27. h4 Rdc8
28. Qd4 Qa3 29. Qd2 Qa5 30. Bf1 Qc7 31. Qe3 Qc5 32. Bg2 Qxe3 33. fxe3 Rc5 34.
Ra1 Kg8 35. Ra7 Kf8 36. Kf2 Bg7 37. e4 Bh6 38. Ke3 Rb6 39. Ra8+ Kf7 40. e6+ Kg7
41. e5 Rc7 42. Bf3 Rc5 {after mostly meaningless moves in the middle game, I
have somehow managed to obtain  a near stranglehold across the board. All I
need to do now is play a key pawn break  and I win.} 43. d6 $2 {but this isn't
it} 43... Rxe5+ $1 44. Kd4 $4 {and now it really  is bad}  (44. Kf2 $1
{amazingly keeps the win at hand such is the strength of White's  position. In
my shock at what had transpired I reacted in typical beginner's fashion.
Quickly and without thinking.} ) 44... Bxf4 45. Rxb5 Rxd6+ (45... Rbxb5 $1 {is
more accurate} 46. d7 Rbc5 $1 {an unusual mating net} 47. Be4 {forced} 47...
Be3+ 48. Kxe3 Rxe4+ 49. Kf2 Rd5 {and after exchanges on d8, Black has has a
completely winning endgame} ) 46. Kxc4 Rexe6 47. Bd5 Re3 48. Rb7 Re5 49. Rg8+
Kh6 50. Bf3 {still in shock, I'd  played the previous four or fives moves
quickly and was now waiting for the right  time to resign. It may have induced
my opponent to relax.} 50... g5 $4 {careless and costly} 51. hxg5+ Bxg5 52. Rb1
$1 {a lifeline, with everything to play for again} 52... Rg6 53. Rh1+ Bh4 54.
Rxh4+ Kg5 55. Rxg6+ hxg6 56. Rh1 Re3 57. Bd5 e5 58. Rg1+ Kf6 59. Kb4 g5 60. c4
g4 61. c5 Ke7 62. Ra1 g3 63. Ra7+ Kf6 64. c6 Re1 65. c7 Rc1 66. Ra6+ Ke7 67.
Rc6 $2 {another quickly played error costs me the win for good this time}  (67.
Bc6 $1 Rb1+ 68. Kc4 Rc1+ 69. Kb3 Rb1+ 70. Kc2 g2 71. c8=Q Rc1+ 72. Kb2 Rb1+ 73.
Kc3 g1=Q 74. Qc7+ {easily wins} ) 67... Rxc6 68. Bxc6 {I'd seen this position
before playing  my previous move and believed it to be winning when in fact}
68... g2 $1 69. c8=Q g1=Q {and  unless my last name is Carlsen, no amount of
manoeuvering is going to win this for  me. A crazy game.} 70. Qe8+ Kf6 71. Qf8+
Ke6 72. Qh6+ Ke7 73. Qh7+ Kf6 {(=)} 1/2-1/2

[Event "Autumn Cup B Grade"]
[Site "Wellington Chess Club"]
[Date "2019.05.23"]
[Round "2"]
[White "Benitez, Edgar"]
[Black "Tanoi, Edward"]
[Result "1-0"]
[WhiteElo "2038"]
[BlackElo "2048"]

1. d4 Nf6 2. Nf3 e6 3. Bf4 d5 4. e3 g6 5. Bd3 Bg7 6. Nbd2 O-O 7. Qe2 Nc6 8. c3
Nd7 9. O-O-O f6 $2 {Like Faustus, this is the start of my long descent into
hell. I  accepted it was weakening but had no idea how much trouble it would
cause me until  only a few moves later.} 10. e4 $1 {opening lines through the
centre. A good strategy  based on Black's previous move.} 10... Nb6 11. h4 e5
{Having played f6 I'm committed to  pushing this.} 12. dxe5 fxe5 13. Bg5 Qe8
{An ugly position which White exploits  well. White is clearly winning.} 14.
exd5 Nxd5 15. Bc4 Be6 16. Ne4 Nf4 $2 {Black  doesn't need to assist White by
creating space for its other pieces.}  (16... Qf7 17. Bd3 h6 18. Bd2 Bg4 {and
Black can be relieved the position is close to stabilised} ) 17. Bxf4 Rxf4 18.
Nfg5 Bh6 19. g3 Rf8 20. Kb1 Bxc4 21. Qxc4+ Kh8 22. Nc5 Na5 23. Qe2 Bxg5 24.
hxg5 Rf7 25. Rh6 Nc6 26. Rdh1 Rd8 27. Ne4 Qe6 28. Nf6 Rdd7 29. g4 Rxf6 30. gxf6
Qxf6 31. Qe3 Re7 32. Qe4 Kg8 33. f3 Qd6 34. R6h2 b5 35. Kc2 Qc5 {in time
trouble and after a long struggle, Black commits a final error} 36. Rxh7 Rxh7
37. Qxg6+ Kf8 (37... Rg7 38. Qe8+ Qf8 39. Rh8+ Kxh8 40. Qxf8+ Kh7 {was not a
position  I wanted to see} ) 38. Qxh7 b4 (38... Qf2+ 39. Kb1 Qxf3 {seemed like
the best way  to prolong the agony but is ultimately futile.} ) 39. Qf5+ Ke8
40. Qe6+ Kf8 41. Rh8+ Kg7 42. Qg8+ Kf6 43. Rh6+ Ke7 44. Qe6+ Kf8 45. Rf6+ Kg7
46. Qf7+ 1-0

[Event "Autumn Cup B Grade"]
[Site "Wellington Chess Club"]
[Date "2019.05.23"]
[Round "2"]
[White "Sellen, Ian"]
[Black "Pomeroy, Arthur"]
[Result "1/2-1/2"]
[WhiteElo "2053"]
[BlackElo "2083"]

1. c4 e5 2. Nc3 Nf6 3. g3 Nc6 4. Bg2 Bb4 5. Nd5 a5 6. Nxb4 axb4 7. b3 O-O 8. d3
d5 9. Bd2 Re8 10. cxd5 Nxd5 11. Nf3 Nd4 12. O-O Bg4 13. e3 Bxf3 14. Bxf3 Nxf3+
15. Qxf3 c6 16. Rfc1 Qd6 17. Qg4 c5 18. Qc4 Ra5 1/2-1/2

[Event "Autumn Cup B Grade"]
[Site "Wellington Chess Club"]
[Date "2019.05.23"]
[Round "2"]
[White "Stone, Andrew"]
[Black "Nyberg, Michael"]
[Result "0-1"]
[WhiteElo "2096"]
[BlackElo "2091"]

1. e4 e5 2. Nf3 Nc6 3. Bb5 a6 4. Ba4 Nf6 5. O-O b5 6. Bb3 Be7 7. d3 O-O 8. Nc3
d6 9. h3 Na5 10. Ne2 c5 11. Bd2 Nc6 12. Ng3 Rb8 13. Nh2 Nd4 14. c3 Nxb3 15.
axb3 Re8 16. f4 Qb6 17. Qf3 Be6 18. Kh1 Bxb3 19. Nf5 Bf8 20. Ng4 Nxg4 21. Qxg4
Kh8 22. Rf3 Re6 23. Nh4 Ree8 24. f5 d5 25. f6 dxe4 26. dxe4 Be6 27. Qg5 gxf6
28. Rxf6 Qd8 29. Raf1 Bg7 30. R6f2 Bc4 31. Re1 Rb6 32. Qxd8 Rxd8 33. Be3 Rc6
34. Nf5 Bf6 35. Nh6 Bh4 36. Rff1 Bxe1 37. Rxe1 Rd3 38. Nf5 Be6 0-1

[Event "Autumn Cup B Grade"]
[Site "Wellington Chess Club"]
[Date "2019.05.30"]
[Round "3"]
[White "Nyberg, Michael"]
[Black "Benitez, Edgar"]
[Result "0-1"]
[WhiteElo "2091"]
[BlackElo "2038"]

1. e4 e5 2. Nf3 Nc6 3. Nc3 Nf6 4. Bb5 Bb4 5. d3 d6 6. h3 h6 7. O-O O-O 8. Ne2
Ne7 9. c3 Ba5 10. Ba4 c5 11. Bc2 Ng6 12. d4 cxd4 13. cxd4 Bb6 14. Be3 Re8 15.
Ba4 Bd7 16. Bxd7 Qxd7 17. dxe5 Nxe5 18. Nxe5 Rxe5 19. Bxb6 axb6 20. f3 d5 21.
Qd4 Rae8 22. Rfd1 Qe7 23. Nc3 dxe4 24. fxe4 Nxe4 25. Qxb6 Nxc3 26. bxc3 Re2 27.
Qd4 Qg5 28. Qg4 Qe3+ 29. Kh1 Qxc3 30. Rac1 Qa5 31. Rf1 Qxa2 32. Rc8 Qe6 33.
Rxe8+ Qxe8 34. Qg3 Qe4 35. Rd1 b5 36. Rd8+ Kh7 37. Rb8 Re1+ 38. Kh2 Qe5 39.
Qxe5 Rxe5 40. Kg3 Kg6 41. Kf4 f6 42. Rb6 Rc5 43. Ke4 Kg5 44. g3 h5 45. Rb7 Kh6
46. Rb6 Kg6 47. Rb7 h4 48. gxh4 Rc4+ 49. Kd3 Rxh4 50. Rxb5 Rxh3+ 51. Ke4 Rh1
52. Kf4 Rf1+ 53. Kg3 f5 54. Kg2 Re1 55. Kf2 Re4 56. Kf3 Kg5 57. Rb6 g6 58. Ra6
Rb4 59. Ra3 Rh4 60. Ra5 Rh3+ 61. Kg2 Rb3 62. Kh2 Kg4 63. Ra2 f4 64. Rg2+ Kh5
65. Rf2 g5 66. Kg2 Kg4 67. Kh2 Rh3+ 68. Kg1 Re3 69. Kf1 Rf3 0-1

[Event "Autumn Cup B Grade"]
[Site "Wellington Chess Club"]
[Date "2019.05.30"]
[Round "3"]
[White "Pomeroy, Arthur"]
[Black "Stone, Andrew"]
[Result "1/2-1/2"]
[WhiteElo "2083"]
[BlackElo "2096"]

1. e4 e5 2. Nf3 Nc6 3. Bb5 g6 4. O-O Bg7 5. c3 a6 6. Ba4 b5 7. Bb3 Nge7 8. d4
exd4 9. cxd4 d6 10. h3 O-O 11. Nc3 Na5 12. Bc2 c5 13. Bg5 h6 14. Bc1 Nc4 15. b3
cxd4 16. Nxd4 Qb6 17. Nde2 Ne5 18. Be3 Qb8 19. Qd2 Bxh3 20. f4 b4 21. fxe5 bxc3
22. Qxd6 Bg4 23. Nf4 Qxd6 24. exd6 Nc6 25. Nd5 Nd4 26. Bxd4 Bxd4+ 27. Kh2 Be5+
28. g3 Kg7 29. Ne3 Be6 30. Nc4 Bxc4 31. bxc4 h5 32. Kh3 Bxd6 33. Rad1 Ba3 34.
Rd7 a5 35. Rf3 Bb4 36. Rfd3 Rac8 37. Bb3 a4 38. Bxa4 Rxc4 39. Bc2 Rxe4 40. Rxc3
Rg4 41. Rf3 Kh6 1/2-1/2

[Event "Autumn Cup B Grade"]
[Site "Wellington Chess Club"]
[Date "2019.05.30"]
[Round "3"]
[White "Tanoi, Edward"]
[Black "Sellen, Ian"]
[Result "1/2-1/2"]
[WhiteElo "2048"]
[BlackElo "2053"]

1. d4 d5 2. c4 e6 3. Nc3 Nf6 4. Bg5 Be7 5. e3 h6 6. Bh4 O-O 7. Nf3 b6 {No semi
slav  coming my way. Ian plans to keep things super solid.} 8. cxd5 exd5 9. Bd3
{I had  half a mind to play h3 but I was confident Ian wouldn't play Bg4.} 9...
Re8 10. O-O Bg4 {Bugger. The pin is annoying because it disrupts White's
attacking plans. The will  probably have to retreat to e2 to defend.} 11. a3
Ne4 12. Bxe7 Rxe7 13. Rc1 Ng5 14. Be2 Nxf3+ 15. Bxf3 Bxf3 16. Qxf3 {After the
multiple exchanges, Black has more  or less equalised and taken the sting out
of White's plans. Of I'd known I would  reach this position I probably would've
played something else but full marks to  Ian. Unambitious opening moves by
White has made it difficult to realise the advantage  of first move.} 16... c6
{the c6 pawn is traditionally the weak one in this opening. My  only target
and the object of my strategy for the rest of the game. This would only  prove
futile against resolute defence.} 17. b4 a6 18. Rc2 Qd6 19. Na4 (19. a4 Nd7 (
19... Qxb4 20. Nxd5 cxd5 21. Rc8+ Kh7 22. Qf5+ g6 23. Qf6 $18) 20. Ne2 Rc8 21.
Nf4 Ree8 22. Rb1 Rc7 23. h3 Nf6 24. Nd3 Ne4 25. Qf4 Qe7 26. Rbc1 Rec8 {is a
long  variation Stockfish gives to show the position ultimately leads nowhere.
I had considered  getting my knight to d3 and e5 but dismissed it as being too
slow and probably ineffective.} ) 19... Nd7 20. Rfc1 Rc8 21. Nc3 Nf6 22. Na4
Nd7 23. Qe2 b5 24. Nc5 Nxc5 25. Rxc5 Rec7 26. a4 g6 27. Qc2 Kg7 28. axb5 axb5
29. Ra1 Qd7 30. Ra6 $6 {too hasty.}  (30. g3 Qe6 31. Ra6 h5 32. h4 g5 {with
counterplay. The position is equal. Part of my problem  is not creating a
second weakness to exploit Black's outstretched defences.} ) 30... Ra7 31. Rxa7
Qxa7 32. h3 {and now the game meanders as both sides try to make the most  of
what they can with what they have. Maybe a slightly improved version of this
afternoon's government budget announcement. Or for the more poetic of you, long
is the road that in the darkness leads up to the light. I need to think about
trying  a new shorter road. Sorry Milton. One should be more enlightened in
this modern  age.} 32... Qd7 33. Qc3 Kh7 {(=)} 34. Qa3 Qb7 35. Rc1 Ra8 36. Qc3
Ra6 37. Qc5 Qa8 38. Kh2 Qb8+ 39. g3 Qb7 40. Kg2 Qd7 41. Rc2 Qe6 42. Qc3 h5 43.
f3 Qe8 44. g4 hxg4 45. hxg4 Qa8 46. Kg3 Kg8 47. Re2 Ra3 48. Qc2 Ra1 49. Kg2 Kg7
50. Qb2 Qa3 51. g5 {Draw  agreed.} 1/2-1/2

[Event "Autumn Cup B Grade"]
[Site "Wellington Chess Club"]
[Date "2019.06.06"]
[Round "4"]
[White "Pomeroy, Arthur"]
[Black "Tanoi, Edward"]
[Result "1/2-1/2"]
[WhiteElo "2083"]
[BlackElo "2048"]

1. e4 c5 2. Nf3 Nc6 3. d4 cxd4 4. Nxd4 e5 5. Nb5 d6 6. N1c3 a6 7. Na3 b5 8. Nd5
Be6 (8... Nf6) 9. c4 b4 10. Nc2 (10. Qa4 Ne7 11. Nc2) 10... Rb8 (10... a5) 11.
Be2 Be7 12. O-O (12. a3) 12... Nf6 13. Bf3 (13. Qd3) 13... Bxd5 $2 {too soon
and unnecessary. Now  my problems worsen.}  (13... Nd7) 14. cxd5 Na7 {there is
no good place for this  knight and I had foreseen the coming attack on my
queenside. My development a long  way from completion, it was time to batten
the hatches and prepare for a long night.} 15. Be3 Qd7 16. a3 bxa3 17. Rxa3 Qb7
{part of the reason for playing this was to  give the impression of a
counterattack but as Arthur pointed out afterwards, he  wasn't concerned about
losing the b-pawn but more focussed on an attack along the  a file. So was I
but I'd also seen the potential of the b-pawn being pushed up the  board and
when the weak a-pawn drops then my night might not be so long after all.} 18.
Qa1 Nc8 19. Rxa6 $6 {A surprise. White can pick the pawn up anytime. Pushing
the pawn or getting the knight to c6 is more important. Still, White has a
dominant  position and has any number of possibilities that win.}  (19. b4 O-O
20. Rxa6 Bd8 21. Rc6 Ne8 22. Rb1) 19... Qxb2 20. Qa4+ Qb5 21. Nb4 {At this
point Arthur offered a  draw much to my surprise and after waiting for 5
minutes, mainly for dramatic effect  and to not let Arthur see my grovelling
relief I accepted. Arthur shared in postmortem  that he thought I could
probably hold my position. Played on the 75th anniversary  of the D-Day
invasion on the beaches of Normandy, this felt more like the retreat  at
Dunkirk a few years earlier. At least I had time to see more of the remaining
games. Others who were in commanding positions ended up losing, accentuating my
lucky escape. Thank heavens for small mercies.} 1/2-1/2